• 首页
  • 本馆介绍
  • 公告通知
  • 最新文献
  • 馆藏检索
  • 电子资源
  • 读者导购
  • 参考咨询
  • 我的图书馆
  • 登录
  • 详细信息显示
  • 放入我的书架
  • 预约/预借图书
  • 作者相关作品
  • 分类相关作品
  • 丛书相关作品
  • 出版社相关作品

书目信息

  • 表格格式
  • 工作单格式
  • 卡片格式
题名:
21天学通Java
    
 
作者: 郭现杰 编著
分册:  
出版信息: 北京   电子工业出版社  2016
页数: 392页
开本: 26cm
丛书名:
单 册:
中图分类: P312JA , TP312 , TP312JA
科图分类:
主题词: JAVA语言--程序设计 , 软件 , 软件
电子资源:
ISBN: 978-7-121-27841-9
000 00955nam0 2200301 450
001 3202
005 20161208111117.96
010    @a978-7-121-27841-9@dCNY59.80
100    @a20160407d2016 em y0chiy50 ea
101 0  @achi
102    @aCN@b110000
105    @aa z 000yy
200 1  @a21天学通Java@921 tian xue tong Java@f郭现杰编著
205    @a4版
210    @a北京@c电子工业出版社@d2016
215    @a392页@c图@d26cm@e1光盘
300    @a21天学编程系列含光盘
307    @a附光盘:ISBN 978-7-89464-964-5
330    @a本书讲授如何使用Java语言进行程序开发。内容包括Java开发环境、Java基本语法知识、Java面向对象特点、Java界面开发,以及Java数据库开发和网络编程开发。
606 0  @aJAVA语言@x程序设计
606 0  @a软件
606 0  @a软件
690    @aP312JA@v5
690    @aTP312@v4
690    @aTP312JA@v4
701  0 @a郭现杰@9guo xian jie@4编著
801  0 @aCN@b大连网信软件有限公司图书馆·11@c20161208
905    @aZUCC@dTP312JA@e1021=4
    
    21天学通Java/郭现杰编著.-4版.-北京:电子工业出版社,2016
    392页:图;26cm+1光盘
    21天学编程系列含光盘
    
    ISBN 978-7-121-27841-9:CNY59.80
    本书讲授如何使用Java语言进行程序开发。内容包括Java开发环境、Java基本语法知识、Java面向对象特点、Java界面开发,以及Java数据库开发和网络编程开发。
●
相关链接 在E读中查询图书 在五车中查询图书 在当当中查询图书 在豆瓣中查询图书


正题名:21天学通Java     索取号:TP312JA/1021=4         预约/预借

序号 登录号 条形码 馆藏地/架位号 状态 备注
1 912748   209127489   第二样本阅览室/ [索取号:TP312JA/1021=4] 在馆    
2 912749   209127498   第三借阅区/ [索取号:TP312JA/1021=4] 在馆    
3 912750   209127504   密集书库—计算机科学学院/ [索取号:TP312JA/1021=4] 在馆    
唐山师范学院图书馆 欢迎您!
大连网信软件有限公司© 版权所有